000 01194nam a2200337 i 4500
001 000003237
003 DO-SdBNP
005 20250707143150.0
007 ta
008 090707s2009 dr ac 000 p spa d
020 _a9789945162752
040 _aDO-SdBNP
_bspa
_cBNPHU
_erda
041 _aspa
082 4 _aRD861.44
_bV156s
_222
100 1 _aValentín, Roberto,
_d1967-
_eautor
_910207
_4aut.
245 1 0 _aSonetos con ton y son /
_cRoberto Valentín ; prólogo, Freddy Beras Goico ; ilustración, Frank Suárez.
264 _aSanto Domingo, República Dominicana :
_bUniversidad Dominicana O&M,
_c2009.
300 _a99 páginas :
_bilustraciones ;
_c22 cm.
336 _atexto
_btxt
_2rdacontent
337 _asin mediación
_bn
_2rdamedia
338 _avolumen
_bnc
_2rdacarrier
500 _aIncluye datos biográficos del autor en la contracubierta.
590 _aInventariado, 2019/LP
650 4 _aSonetos dominicanos
_910208
650 4 _aPoesía dominicana
_966
650 0 _aLiteratura dominicana.
_967
700 1 _aBeras Goico, Freddy,
_eprologuista
_91913
_4pr
700 1 _aSuárez, Frank,
_eil.
_910209
910 _aValidado. Control de calidad MFF
942 _2ddc
_cLBS1
999 _c3068
_d3068